000 00224nam a22000857a 4500
008 160718b xxu||||| |||| 00| 0 eng d
100 _92998
_a Saxena, S.C
245 _aElementary Mathematics - 1
260 _aNew Delhi
_bAsian
_c2004
999 _c2561
_d2561